O homem e as línguas: guia para o estudioso de idiomas

-д хадгалсан:
Номзүйн дэлгэрэнгүй
Үндсэн зохиолч: Bodmer, Frederick (Зохиогч)
Формат: Ном
Хэл сонгох:португал
Хэвлэсэн: Río de Janeiro Globo 1960
Нөхцлүүд:
Шошгууд: Шошго нэмэх
Шошго байхгүй, Энэхүү баримтыг шошголох эхний хүн болох!

MARC

LEADER 00000nam a2200000 a 4500
001 UCI2241
003 CL-VaPUC
008 070810e19600000BL |||||||||||||||||por|d
082 0 4 |a 441  |b BOD  |2 21 
100 0 |a Bodmer, Frederick  |e author  |9 523186 
245 1 2 |a O homem e as línguas: guia para o estudioso de idiomas 
300 |a 606 p 
942 |c BK 
945 |d 20070810 00:00:00  |a jtorresc 
260 |a Río de Janeiro  |b Globo  |c 1960 
500 |a Donación del Dr. Luis Gómez Macker 
650 0 |a Lingüística  |9 265068 
650 7 |a LENGUAS Y LENGUAJE  |2 CL-VaPUC  |9 447438 
650 7 |a IDIOMAS  |2 CL-VaPUC  |9 523187 
650 0 |a Fonología   |9 341074 
583 |a last modification  |c 20070810 00:00:00  |k Rodrigo Vera 
999 |c 326875  |d 326873 
952 |0 0  |1 0  |4 0  |6 441_000000000000000_BOD_1960  |7 0  |8 A  |9 409055  |a FDOPOS  |b FDOPOS  |d 2019-11-22  |i 4274229  |o 441 BOD 1960  |p 4274229  |r 2025-01-22  |w 2019-11-22  |y BK  |k MLA